An investigation into the challenges encountered by high high school students in mountains areas in writing in English : Master of education. Program Principles and methods in English language education
The key aims of this research are to investigate into the challenges encountered by high high school students in mountains areas in writing in English and to find out sources for such challenges
Guardado en:
| Autor principal: | |
|---|---|
| Formato: | Libro |
| Lenguaje: | Undetermined |
| Publicado: |
Can Tho
Can Tho University
2016
|
| Materias: | |
| Etiquetas: |
Agregar Etiqueta
Sin Etiquetas, Sea el primero en etiquetar este registro!
|
| Thư viện lưu trữ: | Trung tâm Học liệu Trường Đại học Cần Thơ |
|---|
| LEADER | 01059nam a2200241Ia 4500 | ||
|---|---|---|---|
| 001 | CTU_213686 | ||
| 008 | 210402s9999 xx 000 0 und d | ||
| 082 | |a 428.2407 | ||
| 082 | |b C120 | ||
| 088 | |a 60140111 | ||
| 100 | |a Lê, Thị Hồng Cẩm | ||
| 245 | 3 | |a An investigation into the challenges encountered by high high school students in mountains areas in writing in English : | |
| 245 | 0 | |b Master of education. Program Principles and methods in English language education | |
| 245 | 0 | |c Lê Thị Hồng Cẩm ; Phương Hoàng Yến (Supervisor) | |
| 260 | |a Can Tho | ||
| 260 | |b Can Tho University | ||
| 260 | |c 2016 | ||
| 520 | |a The key aims of this research are to investigate into the challenges encountered by high high school students in mountains areas in writing in English and to find out sources for such challenges | ||
| 650 | |a Tiếng Anh,English languages | ||
| 650 | |x dạy và học,Study and teaching | ||
| 904 | |i Nguyên | ||
| 910 | |a Khoa | ||
| 980 | |a Trung tâm Học liệu Trường Đại học Cần Thơ | ||